Statistics for Grecki Alfabet - Test

Click here to take the quiz!

General Stats

  • This quiz has been taken 26 times
  • The average score is 7 of 24

Answer Stats

SymbolName% Correct
Α αAlfa
100%
Ε εEpsilon
45%
Ω ωOmega
45%
Φ φFi
40%
Ψ ψPsi
40%
Σ σSigma
40%
Π πPi
35%
Ρ ρRo
35%
Χ χChi
30%
Ξ ξKsi
30%
Μ μMi
30%
Ν νNi
30%
Δ δDhelta
25%
Ο οOmikron
25%
Γ γGhama
20%
Υ υIpsilon
20%
Η ηIta
20%
Ι ιJota
20%
Κ κKapa
20%
Τ τTaf
20%
Β βWita
20%
Ζ ζZita
20%
Λ λLamdha
15%
Θ θThita
15%

Score Distribution

Percentile by Number Answered

Percent of People with Each Score

Your Score History

You have not taken this quiz